El cisne no canta al morir / (Record no. 134631)

MARC details
000 -LEADER
campo de control de longitud fija 00733nam a22002531 4500
001 - NÚMERO DE CONTROL
campo de control 134631
003 - IDENTIFICADOR DE NÚMERO DE CONTROL
campo de control ES-MaACL
005 - FECHA Y HORA DE LA ÚLTIMA TRANSACCIÓN
campo de control 20230906194720.0
007 - CAMPO FIJO DE DESCRIPCIÓN FÍSICA--INFORMACIÓN GENERAL
campo de control de longitud fija t|
008 - DATOS DE LONGITUD FIJA--INFORMACIÓN GENERAL
campo de control de longitud fija 070912s1959 sp ||||0| spa d
016 7# - NÚMERO DE CONTROL DE UNA AGENCIA BIBLIOGRÁFICA NACIONAL
Número de control cancelado/no válido IND2000944752
040 ## - FUENTE DE CATALOGACIÓN
Centro catalogador/agencia de origen M-BN
Lengua de catalogación spa
Centro/agencia transcriptor CDM
080 ## - NÚMERO DE LA CLASIFICACIÓN DECIMAL UNIVERSAL
Número de la Clasificación Decimal Universal 82-311.2"19"
100 1# - ENTRADA PRINCIPAL--NOMBRE DE PERSONA
Nombre de persona Wiechert, Ernst.
9 (RLIN) 116754
245 13 - MENCIÓN DEL TÍTULO
Título El cisne no canta al morir /
Mención de responsabilidad, etc. por Ernst Wiechert ; [versión... de Dorotea P. Latz].
260 ## - PUBLICACIÓN, DISTRIBUCIÓN, ETC.
Lugar de publicación, distribución, etc. Barcelona :
Nombre del editor, distribuidor, etc. G. P.,
Fecha de publicación, distribución, etc. 1959.
300 ## - DESCRIPCIÓN FÍSICA
Extensión 159 p ;
Dimensiones 17 cm.
490 1# - MENCIÓN DE SERIE
Mención de serie Libro Picus ;
Designación de volumen o secuencia 18
700 1# - ENTRADA AGREGADA--NOMBRE PERSONAL
Nombre de persona Latz, Dorotea Patricia.
9 (RLIN) 70572
830 0# - PUNTO DE ACCESO ADICIONAL DE SERIE-TÍTULO UNIFORME
Título uniforme Libro Picus ;
Designación de volumen o secuencia 18
9 (RLIN) 181734
852 ## - LOCALIZACIÓN
Ubicación ES-MaACL
Número de control de estantería C-17173
Sublocalización o colección R.44895
Holdings
Estatus retirado Estado de pérdida Estado de daño No para préstamo Biblioteca de origen Biblioteca actual Ubicación en estantería Fecha de adquisición Fuente de adquisición Total de préstamos Signatura topográfica completa Código de barras Visto por última vez Precio de reemplazo Tipo de ítem Koha
        Biblioteca del Ateneo de Madrid Biblioteca del Ateneo de Madrid Galería 17/01/2008     C-17173 1140134 23/02/2023 23/02/2023 Libro impreso